Geography Analogies - Statistics

General Stats
  • This quiz has been taken 108 times
    104 since last reset
  • The average score is 14 of 20
Answer Stats
Hint Answer % Correct
Hollywood is to United States Bollywood is to {India}
94%
Yangtze is to China Amazon is to {Brazil}
88%
Luzon is to Philippines Honshu is to {Japan}
86%
Argentina is to Spain Brazil is to {Portugal}
84%
Bharat is to India Deutschland is to {Germany}
84%
Taj Mahal is to India Petra is to {Jordan}
83%
Pelé is to Brazil Maradona is to {Argentina}
79%
Albany is to New York Sacramento is to {California}
79%
Dominica is to Caribbean Malta is to {Mediterranean}
74%
Ireland is to Northern Ireland Hispaniola is to {Dominican Republic}
73%
Helios is to Greece Ra is to {Egypt}
73%
Hinduism is to India Islam is to {Saudi Arabia}
71%
British Virgin Islands is to United Kingdom Aruba is to {Netherlands}
69%
Somaliland is to Somalia Western Sahara is to {Morocco}
64%
Senegal is to Gambia Malaysia is to {Brunei}
60%
Spain is to Andorra China is to {Mongolia}
59%
Black Sea is to Turkey Caspian Sea is to {Iran}
54%
Pacific Ocean is to Brisbane Indian Ocean is to {Perth}
51%
North Pole is to Arctic Ocean South Pole is to {Antarctica}
40%
Malmo is to Copenhagen Windsor is to {Detroit}
28%
No matching quizzes found
Score Distribution
Percent of People with Each Score
Percentile by Number Answered
Your Score History
You have not taken this quiz since the last reset